|
|
|
|
| LEADER |
00000nam0a2200000 4500 |
| 001 |
172134 |
| 005 |
20231031164223.0 |
| 035 |
|
|
|a (RuTPU)RU\TPU\book\186627
|
| 090 |
|
|
|a 172134
|
| 100 |
|
|
|a 20091210d1983 m y0rusy50 ca
|
| 101 |
0 |
|
|a rus
|
| 102 |
|
|
|a UA
|
| 105 |
|
|
|a a j 001zy
|
| 200 |
1 |
|
|a Основы проектирования деталей машин
|e учебное пособие
|f В. Л. Устиненко, Н. Ф. Киркач, Р. А. Баласанян
|
| 210 |
|
|
|a Харьков
|c Высшая школа
|d 1983
|
| 215 |
|
|
|a 184 с.
|c ил.
|
| 320 |
|
|
|a Библиогр.: с. 179.
|
| 610 |
1 |
|
|a детали машин
|
| 610 |
1 |
|
|a машины
|
| 610 |
1 |
|
|a проектирование
|
| 610 |
1 |
|
|a передачи гибкой связью
|
| 610 |
1 |
|
|a зубчатые передачи
|
| 610 |
1 |
|
|a червячные передачи
|
| 610 |
1 |
|
|a редукторы
|
| 610 |
1 |
|
|a приводы
|
| 610 |
1 |
|
|a чертежи
|
| 610 |
1 |
|
|a разработка
|
| 610 |
1 |
|
|a валы
|
| 610 |
1 |
|
|a подшипники качения
|
| 610 |
1 |
|
|a детали
|
| 610 |
1 |
|
|a узлы
|
| 610 |
1 |
|
|a учебные пособия
|
| 675 |
|
|
|a 621.81.001.2(075.8)
|v 3
|
| 700 |
|
1 |
|a Устиненко
|b В. Л.
|g Виталий Лукич
|
| 701 |
|
1 |
|a Киркач
|b Н. Ф.
|g Николай Федорович
|
| 701 |
|
1 |
|a Баласанян
|b Р. А.
|g Рафаэль Ашотович
|
| 801 |
|
1 |
|a RU
|b 63413507
|c 20091210
|
| 801 |
|
2 |
|a RU
|b 63413507
|c 20221010
|g RCR
|
| 942 |
|
|
|c BK
|